| 000 | 00466cam a2200181 a 4500 | ||
|---|---|---|---|
| 020 | _a0834802538 | ||
| 040 | _cDLC | ||
| 082 | 0 | 0 | _a391 WEA 1992 A065 Or. |
| 100 | 1 | _aGrilli, Peter. | |
| 245 | 1 | 0 |
_aPleasures of the Japanese bath = _b[Furo] / |
| 246 | 3 | 1 | _a[Furo] |
| 260 |
_aNew York : _bWeatherhill, _cc1992. |
||
| 300 |
_a191 p. : _bill. (some col.), maps ; _c30 cm. |
||
| 500 | _aIncludes index. | ||
| 650 | 0 | _aBathing customs | |
| 650 | 0 | _aBaths | |
| 942 | _cEK | ||
| 999 |
_c14347 _d14347 |
||